Pemikiran praktikal : (Record no. 463)

000 -LEADER
fixed length control field nam a22 a 4500
003 - CONTROL NUMBER IDENTIFIER
control field AKMAL
005 - DATE AND TIME OF LATEST TRANSACTION
control field 20170504091646.0
008 - FIXED-LENGTH DATA ELEMENTS--GENERAL INFORMATION
fixed length control field 170504s2001 my 00 may d
020 ## - INTERNATIONAL STANDARD BOOK NUMBER
International Standard Book Number 9837204478 (kkt.):
Terms of availability RM24.75
040 ## - CATALOGING SOURCE
Original cataloging agency AKMAL
Transcribing agency AKMAL
049 00 - LOCAL HOLDINGS (OCLC)
Holding library klpmal
082 04 - DEWEY DECIMAL CLASSIFICATION NUMBER
Classification number 153.42 BON
Edition number 21
090 20 - LOCALLY ASSIGNED LC-TYPE CALL NUMBER (OCLC); LOCAL CALL NUMBER (RLIN)
Classification number (OCLC) (R) ; Classification number, CALL (RLIN) (NR) 153.42
Local cutter number (OCLC) ; Book number/undivided call number, CALL (RLIN) BON
100 1# - MAIN ENTRY--PERSONAL NAME
Personal name De Bono, Edward,
Dates associated with a name 1933-
9 (RLIN) 1066
245 10 - TITLE STATEMENT
Title Pemikiran praktikal :
Remainder of title membincangkan cara-cara praktikal bagi pemikiran yang betul /
Statement of responsibility, etc. Edward de Bono
260 ## - PUBLICATION, DISTRIBUTION, ETC.
Place of publication, distribution, etc. Kuala Lumpur :
Name of publisher, distributor, etc. Golden Books Centre,
Date of publication, distribution, etc. 2001
300 00 - PHYSICAL DESCRIPTION
Extent 227ms. ;
Dimensions 21cm
650 #0 - SUBJECT ADDED ENTRY--TOPICAL TERM
Topical term or geographic name entry element Thought and thinking
9 (RLIN) 913
650 #0 - SUBJECT ADDED ENTRY--TOPICAL TERM
Topical term or geographic name entry element Human information processing
9 (RLIN) 1076
942 ## - ADDED ENTRY ELEMENTS (KOHA)
Source of classification or shelving scheme
Koha item type Book
Holdings
Withdrawn status Lost status Source of classification or shelving scheme Damaged status Not for loan Collection code Home library Current library Date acquired Inventory number Total Checkouts Full call number Barcode Date last seen Price effective from Koha item type
          NON-FICTION AKMAL Melaka AKMAL Melaka 04.05.2017 100397   153.42 BON 201701360 04.05.2017 04.05.2017 Book
          NON-FICTION AKMAL Melaka AKMAL Melaka 04.05.2017 100538   153.42 BON 201701352 04.05.2017 04.05.2017 Book
Pusat Sumber Maklumat Dato' Haji Sarmin Md Hussin, Akademi Kastam Diraja Malaysia, Melaka
Tel: 06-2331106 | Faks: 06-2313787